Powder puff ladies' minstrel, (Record no. 18254)

MARC details
000 -LEADER
fixed length control field 00651cam a22002051 4500
001 - CONTROL NUMBER
control field ca 36001340
003 - CONTROL NUMBER IDENTIFIER
control field DLC
005 - DATE AND TIME OF LATEST TRANSACTION
control field 20260227111143.0
008 - FIXED-LENGTH DATA ELEMENTS--GENERAL INFORMATION
fixed length control field 771116s1934 xx 000 0 eng
010 ## - LIBRARY OF CONGRESS CONTROL NUMBER
LC control number ca 36001340
035 ## - SYSTEM CONTROL NUMBER
System control number (OCoLC)3423857
040 ## - CATALOGING SOURCE
Original cataloging agency DLC
Transcribing agency OC
Modifying agency DLC
042 ## - AUTHENTICATION CODE
Authentication code premarc
050 00 - LIBRARY OF CONGRESS CALL NUMBER
Classification number PN4305.N6
Item number K42
082 ## - DEWEY DECIMAL CLASSIFICATION NUMBER
Classification number 791.1
100 1# - MAIN ENTRY--PERSONAL NAME
Personal name Kaser, Arthur LeRoy,
Dates associated with a name 1890-
245 10 - TITLE STATEMENT
Title Powder puff ladies' minstrel,
Remainder of title a complete minstrel show with first part, olio and afterpiece,
Statement of responsibility, etc. by Arthur LeRoy Kaser.
260 ## - PUBLICATION, DISTRIBUTION, ETC.
Place of publication, distribution, etc. Franklin, O.,
-- Denver, Colo.,
Name of publisher, distributor, etc. Eldridge entertainment house, incorporated,
Date of publication, distribution, etc. c1934.
300 ## - PHYSICAL DESCRIPTION
Extent 58 p.
Dimensions 19 cm.

No items available.

Powered by Koha